Gaming Quiz

Random Gaming Quiz

Name the Creeper World 3: Arc Eternal Buildings Quiz Stats

Quiz not verified by Sporcle

Also try: SPORCLE Pokémon
Challenge
Share
Tweet
Embed
Score 0/20 Timer 05:00
0 Plays Today
Type Building % Correct
StructureCollector
100%
StructureRelay
100%
StructureReactor
100%
OrbitalCommand Node
87.5%
StructureShield
87.5%
StructureOre mine
87.5%
StructureTerp
87.5%
StructureGuppy
87.5%
WeaponPulse Cannon
87.5%
WeaponMortar
87.5%
Type Building % Correct
WeaponStrafer
87.5%
WeaponBomber
87.5%
WeaponNullifier
87.5%
WeaponSprayer
87.5%
WeaponSniper
87.5%
TitanForge
87.5%
TitanBertha
87.5%
TitanThor
87.5%
WeaponBeam
75%
StructureSiphon
62.5%

You're not logged in!

Compare scores with friends on all Sporcle quizzes.
Sign Up with Email
OR
Log In

You Might Also Like...

Show Comments

Extras

Top Quizzes Today


Score Distribution

Your Account Isn't Verified!

In order to create a playlist on Sporcle, you need to verify the email address you used during registration. Go to your Sporcle Settings to finish the process.